Logo BPK

Biblioteka

Politechniki Koszalińskiej

Kodeks cywilny. Ustawa o księgach wieczystych i hipotece. Kodeks rodzinny i opiekuńczy. Kodeks postępowania cywilnego. Prawo prywatne międzynarodowe : (Rekord nr 31259)

Szczegóły MARC
000 -ETYKIETA REKORDU
podpole kontrolne o stałej długości 00963nam a2200277 i 4500
001 - NUMER KONTROLNY REKORDU
pole kontrolne bg
020 ## - MIĘDZYNARODOWY ZNORMALIZOWANY NUMER KSIĄŻKI - ISBN
ISBN 8371591160
040 ## - ŹRÓDŁO KATALOGOWANIA
Instytucja, która utworzyła rekord BPK
041 0# - KOD JĘZYKA
Kod języka tekstu pl
080 ## - UNIWERSALNA KLASYFIKACJA DZIESIĘTNA - UKD
UKD 347.2+347.4+347.6+347.91/.95+341.9](438)(094.4)
920 ## - Międzynarodowy znormalizowany numer książki – ISBN
ISBN 83-7159-116-0
008 - POLE O STAŁEJ DŁUGOŚCI - DANE KONTROLNE
podpole kontrolne o stałej długości s pl f |000 0 pol
245 00 - TYTUŁ/ODPOWIEDZIALNOŚĆ
Tytuł Kodeks cywilny. Ustawa o księgach wieczystych i hipotece. Kodeks rodzinny i opiekuńczy. Kodeks postępowania cywilnego. Prawo prywatne międzynarodowe :
Ciąg dalszy tytułu ze skorowidzem.
250 ## - STREFA WYDANIA
Oznaczenie wydania [Wyd. 6]
-- stan prawny na dzień 18 lutego 1997 r.
260 ## - STREFA ADRESU WYDAWNICZEGO
Miejsce wydania Sopot :
Nazwa wydawcy/dystrybutora "Lex",
Data publikacji, dystrybucji/powstania dokumentu cop. 1997.
300 ## - STREFA OPISU FIZYCZNEGO
Objętość 845, [1] s. ;
Rozmiary 21 cm.
490 1# - STREFA SERII I DOKUMENTU WIELOCZĘŚCIOWEGO - FORMA NIE DO WYSZUKIWANIA
Tytuł i oznaczenie odpowiedzialności serii Seria z Paragrafem
650 #9 - HASŁO PRZEDMIOTOWE W FORMIE NAZWY OGÓLNEJ LUB JEDNOSTKOWEJ
Nazwa ogólna lub geograficzna Hipoteka
Określnik ogólny prawo
Określnik geograficzny Polska
650 #9 - HASŁO PRZEDMIOTOWE W FORMIE NAZWY OGÓLNEJ LUB JEDNOSTKOWEJ
Nazwa ogólna lub geograficzna Postępowanie cywilne
Określnik geograficzny Polska
650 #9 - HASŁO PRZEDMIOTOWE W FORMIE NAZWY OGÓLNEJ LUB JEDNOSTKOWEJ
Nazwa ogólna lub geograficzna Prawo cywilne
Określnik geograficzny Polska
650 #9 - HASŁO PRZEDMIOTOWE W FORMIE NAZWY OGÓLNEJ LUB JEDNOSTKOWEJ
Nazwa ogólna lub geograficzna Prawo prywatne międzynarodowe
650 #9 - HASŁO PRZEDMIOTOWE W FORMIE NAZWY OGÓLNEJ LUB JEDNOSTKOWEJ
Nazwa ogólna lub geograficzna Rodzina
Określnik ogólny prawo
Określnik geograficzny Polska
700 1# - HASŁO DODATKOWE - NAZWA OSOBOWA
Nazwa osobowa SZPUNAR, Adam.
Określenie związku między hasłem a opisywanym materiałem aut. wstępu
830 ## - HASŁO DODATKOWE SERII LUB DOKUMENTU WIELOCZĘŚCIOWEGO - TYTUŁ UJEDNOLICONY
Tytuł ujednolicony Seria z Paragrafem
856 ## - LOKALIZACJA I DOSTĘP DO ELEKTRONICZNYCH DOKUMENTÓW ZDALNYCH
Link (URL) http://koha.tu.koszalin.pl/cgi-bin/koha/opac-detail.pl?biblionumber=31259
Tekst linku Katalog online BPK
942 ## - DODATKOWE ELEMENTY (KOHA)
Typ dokumentu Książka
Egzemplarze
Wycofany Status egzemplarza Uszkodzony Dostępność Lokalizacja stała Lokalizacja bieżąca Miejsce przechowywania Sygnatura Kod kreskowy Typ dokumentu
      Dostępny Biblioteka Politechniki Koszalińskiej Biblioteka Politechniki Koszalińskiej Wypożyczalnia BG 38452 01180787 Książka
© 2023 Biblioteka Politechniki Koszalińskiej :: KOHA